00414nam a2200121Ia 4500008004100000020001800041041000800059082000800067100001300075245014000088260005600228300000800284240521s1999 xx 000 0 und d a81-7671-002-4 aeng a690 aBARRY R. aTHE CONSTRUCTION OF BUILDINGS, VOL II, 5TH EDITION, WINDOWS, DOORS, STAIRS, FIRES, STOVES, CHIMNEYS, INTERNAL FINISHES, EXT. RENDERING. bAFFILIATED EAST-WEST PRESS PVT LTD NEW DELHI.c1999 a192